[Event "Open Ricany 2oo9"]
[Site "?"]
[Date "2009.08.23"]
[Round "3.19"]
[White "Marsalek ,Lubos"]
[Black "Polak ,Benedikt"]
[Result "1/2-1/2"]
[WhiteElo "1955"]
[BlackElo "2075"]

1. Nf3 Nf6 2. c4 g6 3. d4 Bg7 4. Nc3 d5 5. g3 O-O 6. Qb3 dxc4 7. Qxc4 Be6
8. Qa4 Nd5 9. e4 Nxc3 10. bxc3 c5 11. Bg2 cxd4 12. cxd4 Nc6 13. Be3 Qa5+
14. Qxa5 Nxa5 15. O-O Rac8 16. Ng5 Bc4 17. Rfd1 Ba6 18. Bh3 Rcd8 19. e5 Nc4
20. Bf4 h6 21. Ne4 g5 22. Be3 Nxe3 23. fxe3 b6 24. Rac1 Bc8 25. Bg2 Bg4 26. Rd2
Rc8 27. Rdc2 Rxc2 28. Rxc2 Rc8 29. Rxc8+ Bxc8 30. Nc3 f6 31. exf6 Bxf6 1/2-1/2

[Event "Open Ricany 2oo9"]
[Site "?"]
[Date "2009.08.23"]
[Round "3.3"]
[White "Vojta ,Tomas"]
[Black "Groh ,Jiri"]
[Result "1-0"]
[WhiteElo "2365"]
[BlackElo "2113"]

1. e4 c5 2. f4 Nc6 3. Nf3 g6 4. Bb5 Bg7 5. O-O Qc7 6. d3 d6 7. Nc3 e6 8. Bxc6+
Qxc6 9. Qe1 b5 10. f5 b4 11. fxe6 Bxe6 12. Nd5 Ne7 13. Nxe7 Kxe7 14. e5 d5
15. d4 Kd7 16. Be3 Bf8 17. Kh1 Be7 18. dxc5 Bxc5 19. Ng5 Raf8 20. Rd1 h6 21. Ne4
Be7 22. c3 a5 23. Qe2 Rc8 24. cxb4 axb4 25. Nf6+ Bxf6 26. exf6 h5 27. Rd4 Rb8
28. Bf4 Qb5 29. Rxd5+ Qxd5 30. Bxb8 Kc8 31. Bg3 Kb7 32. Rd1 Qc6 33. Rd6 Qc1+
34. Be1 Qc4 35. Qf3+ Kc7 36. Bg3 1-0

[Event "Open Ricany 2oo9"]
[Site "?"]
[Date "2009.08.23"]
[Round "3.13"]
[White "Adamik ,Frantisek"]
[Black "Pospisil ,Evzen"]
[Result "1-0"]
[WhiteElo "1882"]
[BlackElo "2209"]

1. c4 Nf6 2. Nc3 e6 3. e4 d6 4. d4 Be7 5. Bd3 b6 6. Nge2 Bb7 7. O-O Nbd7 8. b3
O-O 9. Bb2 e5 10. d5 Nc5 11. Bc2 a5 12. a3 Na6 13. Ng3 g6 14. f4 exf4 15. Rxf4
Nd7 16. Nce2 Bg5 17. Qd4 Ne5 18. Rf2 Nc5 19. Raf1 Ncd7 20. Nf4 Bf6 21. Qd1 Bg7
22. Qa1 Qg5 23. Bd4 Nc5 24. Qc3 h5 25. Nh3 Qh6 26. Kh1 Bc8 27. Be3 Qh8 28. Qd2
Ng4 29. Ng5 Nxf2+ 30. Qxf2 f6 31. Nf3 Nd7 32. Nd4 Ne5 33. h3 Bd7 34. Nge2 Bh6
35. Bxh6 Qxh6 36. Nf4 Rae8 37. Nfe6 Bxe6 38. Nxe6 Rf7 39. Qe2 g5 40. Bd1 g4
41. Rf5 Kh8 42. Nf4 Rh7 43. Nxh5 gxh3 44. g4 Rf8 45. Qf1 Qd2 46. Be2 Qe3
47. Nxf6 Rh4 48. Qe1 Ng6 49. Qa1 Ne5 50. Rxe5 Qg3 51. Rh5+ Kg7 52. Nd7+ Kg8 1-0

[Event "Open Ricany 2oo9"]
[Site "?"]
[Date "2009.08.23"]
[Round "3.15"]
[White "Sindler ,Michal"]
[Black "Petrun ,Milan"]
[Result "1-0"]
[WhiteElo "2163"]
[BlackElo "1966"]

1. e4 c5 2. Nf3 Nc6 3. Bb5 Nf6 4. Nc3 Nd4 5. e5 Nd5 6. Nxd4 Nxc3 7. dxc3 cxd4
8. Qxd4 e6 9. O-O Qc7 10. Rd1 b6 11. Be3 Be7 12. Qf4 a6 13. Be2 Bb7 14. Qg3 g5
15. Rd4 O-O-O 16. Rc4 Bc6 17. a4 f5 18. exf6 Bd6 19. Qg4 h5 20. Qd4 Bc5 21. Qd2
Bd6 22. b4 Kb7 23. b5 Bxh2+ 24. Kf1 Bxg2+ 25. Kxg2 1-0

[Event "Open Ricany 2oo9"]
[Site "?"]
[Date "2009.08.23"]
[Round "3.29"]
[White "Hajek ,Jiri"]
[Black "Lacina ,Filip"]
[Result "1/2-1/2"]
[WhiteElo "1823"]
[BlackElo "1995"]

1. e4 c5 2. Nc3 Nc6 3. Nf3 e6 4. Bb5 Nge7 5. d4 cxd4 6. Nxd4 Nxd4 7. Qxd4 Qc7
8. O-O a6 9. Ba4 Nc6 10. Bxc6 Qxc6 11. Bh6 f6 12. Be3 Be7 13. Rad1 b5 14. Rd2 d6
15. f4 Bb7 16. f5 b4 17. Qxb4 d5 18. exd5 Bxb4 19. dxc6 Bxc6 20. fxe6 Bxc3
21. bxc3 Rc8 22. Re1 Bb5 23. Bf4 Rxc3 24. e7 Kf7 25. Rd8 Re8 26. Bd6 Rxc2 27. a3
h5 28. Rxe8 Kxe8 29. Re3 h4 30. h3 Bc6 31. g4 Bb5 32. Rf3 Rc1+ 33. Kf2 Rd1
34. Bb4 a5 35. Bxa5 Rf1+ 36. Kg2 Rxf3 37. Kxf3 Kxe7 38. Be1 Bf1 39. Bxh4 Bxh3
40. Kf4 Ke6 41. a4 Bf1 42. a5 Kd5 43. Bxf6 gxf6 44. Kf5 Bh3 1/2-1/2

[Event "Open Ricany 2oo9"]
[Site "?"]
[Date "2009.08.23"]
[Round "3.24"]
[White "Haman ,Jakub"]
[Black "Petras ,Milan"]
[Result "1-0"]
[WhiteElo "1926"]
[BlackElo "2056"]

1. e4 e5 2. Nf3 Nc6 3. Bc4 Nf6 4. d4 exd4 5. O-O d6 6. Nxd4 Be7 7. Nc3 O-O
8. Bf4 Ne5 9. Be2 Bd7 10. Bg3 Bc6 11. f4 Ng6 12. Nxc6 bxc6 13. Bd3 Nd7 14. Qh5
Bf6 15. Rae1 Bd4+ 16. Kh1 Nf6 17. Qf3 Rb8 18. e5 Nd7 19. Qh5 Nc5 20. f5 Nxd3
21. cxd3 Rxb2 22. Ne4 Bxe5 23. fxg6 hxg6 24. Qh3 Rxa2 25. Bh4 Qc8 26. Qf3 f6
27. d4 Bxd4 28. Qb3+ d5 29. Qxa2 g5 30. Bg3 Qg4 31. Bxc7 f5 32. h3 Qh5 33. Ng3
Qh7 34. Bd6 g4 35. Bxf8 gxh3 36. gxh3 Qxh3+ 37. Qh2 Qxh2+ 38. Kxh2 Kxf8 39. Nxf5
1-0

[Event "Open Ricany 2oo9"]
[Site "?"]
[Date "2009.08.23"]
[Round "3.35"]
[White "Berg ,Antonin"]
[Black "Pataridis ,Janis"]
[Result "1/2-1/2"]
[WhiteElo "1890"]
[BlackElo "1919"]

1. e4 e5 2. Nf3 Nc6 3. Bb5 a6 4. Ba4 Nf6 5. d3 b5 6. Bb3 Be7 7. c3 d6 8. Nbd2
O-O 9. Nf1 Na5 10. Bc2 c5 11. Ne3 g6 12. h3 Nh5 13. Nd5 Be6 14. Nxe7+ Qxe7
15. O-O Nf4 16. d4 f6 17. Kh2 g5 18. d5 Bd7 19. Ng1 Kh8 20. g3 Ng6 21. Qh5 Qg7
22. Ne2 Be8 23. Qf3 Bd7 24. Qg2 Rg8 25. Rg1 Raf8 26. b3 Nb7 27. Qf1 Qh6 28. f4
gxf4 29. gxf4 exf4 30. Nxf4 Nxf4 31. Rxg8+ Rxg8 32. Bxf4 Qh4 33. Qf3 Bxh3
34. Bg3 Qh6 35. Qf4 Rg5 36. Rh1 Kg7 37. Kg1 Qh5 38. Kf2 Qg4 39. Bd1 Qxf4+
40. Bxf4 Rg2+ 41. Kf3 Rxa2 42. Rxh3 a5 43. Rg3+ Kf7 44. Bh6 Nd8 45. Rg7+ Ke8
46. Kg3 Ra1 47. Bh5+ Nf7 48. Rxf7 Rg1+ 49. Kf2 Rh1 50. Rxf6+ Rxh5 51. Rxd6 a4
52. bxa4 bxa4 53. Bf4 Rh3 54. Bg3 Rh1 55. Ra6 Ra1 56. e5 Rc1 57. e6 Rc2+ 58. Ke1
Rxc3 59. Ra8+ Ke7 60. Bh4+ Kd6 61. Rd8+ Kc7 62. d6+ Kc6 63. d7 Re3+ 64. Kd2 Rxe6
65. Ra8 Rd6+ 66. Kc3 Rxd7 67. Rxa4 Kb5 68. Ra8 Kc6 69. Rc8+ Kb6 70. Bf2 Rf7
71. Bxc5+ Kb5 72. Be3 Rf5 73. Rh8 h5 74. Kd4 Kc6 75. Ke4 Rb5 76. Kf3 Kd6 77. Kg3
Ke6 78. Kh4 Rb1 79. Rxh5 1/2-1/2

[Event "Open Ricany 2oo9"]
[Site "?"]
[Date "2009.08.23"]
[Round "3.27"]
[White "Skokan ,Frantisek"]
[Black "Dolezal ,Radoslav"]
[Result "0-1"]
[WhiteElo "1854"]
[BlackElo "2027"]

1. e4 e5 2. Nf3 Nc6 3. Bc4 Be7 4. O-O d6 5. c3 Nf6 6. Re1 Bg4 7. b4 a6 8. d3
O-O 9. Nbd2 b5 10. Bb3 a5 11. Bd5 Nxd5 12. exd5 Nb8 13. bxa5 Rxa5 14. c4 Qd7
15. Nb3 Ra4 16. Nbd2 Na6 17. cxb5 Qxb5 18. Re4 Nc5 19. Rc4 Rfa8 20. Qc2 Bf5
21. Ne1 Qb7 22. Ne4 Rxc4 23. Qxc4 Nd7 24. Be3 Bg6 25. a4 f5 26. Nc3 f4 27. Rb1
Qc8 28. Bd2 Nb6 29. Qb4 Bf7 30. Qb3 Qd7 31. Ra1 Bd8 32. a5 Nc8 33. Nc2 c6
34. Nb4 cxd5 35. Nbxd5 Rxa5 36. Rxa5 Bxa5 37. Qb8 Be6 38. Qxc8+ Qxc8 39. Ne7+
Kf7 40. Nxc8 Bxc8 41. Ne4 Bc7 42. Ba5 Bb8 43. Kf1 h6 44. Ke2 Ke6 45. Bb4 d5
46. Nc3 g5 47. f3 Ba6 48. Bf8 h5 49. Bh6 g4 50. Bf8 Bd6 51. Bxd6 Kxd6 52. Kd2
Bc8 53. Nd1 Kc5 54. Nc3 Bd7 55. Ne2 gxf3 56. gxf3 d4 57. Ng1 Kb4 58. h3 Kb3
59. h4 Kb2 60. Ne2 Bc6 61. Ng1 Bb7 62. Nh3 Bxf3 63. Ng5 Bd5 0-1

[Event "Open Ricany 2oo9"]
[Site "?"]
[Date "2009.08.23"]
[Round "3.18"]
[White "Postupa st. ,Pavel"]
[Black "Havelka ,Petr"]
[Result "1/2-1/2"]
[WhiteElo "2081"]
[BlackElo "1936"]

1. e4 d5 2. exd5 Qxd5 3. Nc3 Qa5 4. Nf3 Bg4 5. Bc4 e6 6. h3 Bxf3 7. Qxf3 c6
8. d4 Nf6 9. O-O Bd6 10. Ne4 Nxe4 11. Qxe4 Nd7 12. c3 Nf6 13. Qe2 O-O 14. Bd2
Qh5 15. Qxh5 Nxh5 16. g3 h6 17. Rfe1 Rad8 18. Be2 Nf6 19. Bf3 Rfe8 20. Kg2 e5
21. dxe5 Rxe5 22. Rxe5 Bxe5 23. Be3 a6 24. Re1 Bc7 25. Bd4 Re8 26. Rd1 1/2-1/2

[Event "Open Ricany 2oo9"]
[Site "?"]
[Date "2009.08.23"]
[Round "3.23"]
[White "Skala ,Jaromir"]
[Black "Svitak ,David"]
[Result "0-1"]
[WhiteElo "2065"]
[BlackElo "1865"]

1. d4 Nf6 2. Nf3 g6 3. g3 Bg7 4. Bg2 d6 5. O-O O-O 6. c4 c6 7. Nc3 Qa5 8. a3
Qh5 9. b4 Bh3 10. Bb2 Nbd7 11. e4 Bxg2 12. Kxg2 e5 13. d5 cxd5 14. cxd5 Rac8
15. Qd3 a6 16. Rac1 Ne8 17. Ne2 Rxc1 18. Rxc1 f5 19. Nd2 Nef6 20. f3 fxe4
21. fxe4 Ng4 22. Nf3 Bh6 23. Neg1 Ne3+ 24. Kh1 Rxf3 25. Rc8+ Rf8 26. Rxf8+ Nxf8
27. h3 Qd1 28. Qc3 Qc2 0-1

[Event "Open Ricany 2oo9"]
[Site "?"]
[Date "2009.08.23"]
[Round "3.40"]
[White "Macek ,Kamil"]
[Black "Hatas ,Radim"]
[Result "1/2-1/2"]
[WhiteElo "1940"]
[BlackElo "1773"]

1. e4 Nf6 2. Nc3 d5 3. exd5 Nxd5 4. Nf3 g6 5. d4 Bg7 6. Nxd5 Qxd5 7. c4 Qd6
8. Be2 Nc6 9. Be3 Bg4 10. O-O e6 11. h3 Bxf3 12. Bxf3 O-O 13. d5 Ne5 14. dxe6
Nxf3+ 15. Qxf3 1/2-1/2

[Event "Open Ricany 2oo9"]
[Site "?"]
[Date "2009.08.23"]
[Round "3.10"]
[White "Blumel ,Otto"]
[Black "Schmalz ,Michal"]
[Result "1-0"]
[WhiteElo "2142"]
[BlackElo "1996"]

1. e4 c5 2. Nf3 d6 3. d4 cxd4 4. Qxd4 Nc6 5. Bb5 Bd7 6. Bxc6 bxc6 7. c4 c5
8. Qd3 Nf6 9. e5 dxe5 10. Nxe5 Be6 11. Qxd8+ Rxd8 12. Be3 g6 13. Nd2 Bg7
14. O-O-O Rc8 15. f3 O-O 16. Nd3 Nd7 17. Nf4 Ne5 18. Nxe6 fxe6 19. Kc2 Nc6
20. Bxc5 Nd4+ 21. Bxd4 Bxd4 22. b3 a5 23. Rhe1 e5 24. Re4 Rb8 25. Nb1 a4 26. Nc3
axb3+ 27. axb3 Ra8 28. Na4 g5 29. h4 Rf4 30. hxg5 Rxe4 31. fxe4 Rf8 32. c5 1-0

[Event "Open Ricany 2oo9"]
[Site "?"]
[Date "2009.08.23"]
[Round "3.28"]
[White "Kralovsky ,Martin"]
[Black "Rezac ,Jindrich"]
[Result "1-0"]
[WhiteElo "2002"]
[BlackElo "1818"]

1. d4 d5 2. c4 c6 3. Nc3 Nf6 4. Nf3 e6 5. e3 Bd6 6. b3 O-O 7. Bd3 Nbd7 8. O-O
e5 9. cxd5 cxd5 10. dxe5 Nxe5 11. Be2 Nxf3+ 12. Bxf3 Be5 13. Bb2 Be6 14. Rc1 Rc8
15. Qe2 Qa5 16. Na4 Bxb2 17. Qxb2 Ne4 18. Bxe4 dxe4 19. Qd4 Qg5 20. Nc3 f5
21. Qxa7 Rf6 22. Qxb7 Rg6 23. g3 Qh5 24. Nd5 Rxc1 25. Ne7+ Kf8 26. Nxg6+ hxg6
27. Rxc1 Kg8 28. Qe7 Bxb3 29. axb3 Qf3 30. Rc8+ 1-0

[Event "Open Ricany 2oo9"]
[Site "?"]
[Date "209.08.23"]
[Round "3.7"]
[White "Pavlicek ,Petr"]
[Black "Herejk ,Petr"]
[Result "0-1"]
[WhiteElo "2036"]
[BlackElo "2174"]

1. e4 c5 2. Nf3 d6 3. d4 cxd4 4. Nxd4 Nf6 5. Nc3 Nc6 6. Be2 g6 7. O-O Bg7
8. Bg5 Nxe4 9. Nxc6 Nxc3 10. Nxd8 Nxd1 11. Rfxd1 f6 12. Be3 Kxd8 13. c4 b6
14. b4 Bb7 15. c5 bxc5 16. bxc5 d5 17. Bb5 e6 18. Rac1 Kc7 19. c6 Bc8 20. Rd3
Bf8 21. Rb3 e5 22. Ba4 Bd6 23. Rcb1 d4 24. Bd2 Bc5 25. Ba5+ Bb6 26. Bb4 Bf5
27. R1b2 Rhe8 28. f3 Rad8 29. Bc5 Rb8 30. Bxb6+ Rxb6 31. Rxb6 axb6 32. Bb5 Be6
33. a4 Bd5 0-1

[Event "Open Ricany 2oo9"]
[Site "?"]
[Date "2009.08.23"]
[Round "3.33"]
[White "Fikr ,Lukas"]
[Black "Krejci ,Martin"]
[Result "1-0"]
[WhiteElo "1996"]
[BlackElo "1837"]

1. c4 Nf6 2. Nc3 d5 3. cxd5 Nxd5 4. g3 e5 5. Bg2 Nf6 6. Nf3 Nc6 7. O-O Be7
8. d3 O-O 9. a3 a6 10. b4 Rb8 11. Bb2 Re8 12. Nd2 Bd6 13. Qc2 Nd4 14. Qd1 Ne6
15. Nce4 Nxe4 16. Nxe4 f5 17. Nxd6 Qxd6 18. Qb3 Kh8 19. e3 f4 20. exf4 exf4
21. Rae1 Bd7 22. Qc3 Qf8 23. Bh3 Ng5 24. Bxd7 Rxe1 25. Rxe1 Nf3+ 26. Kg2 Nxe1+
27. Qxe1 Rd8 28. Qe6 fxg3 29. hxg3 c5 30. b5 axb5 31. Bxb5 Rd6 32. Qe4 b6
33. Be5 Rg6 34. Bd7 Qd8 35. Bf5 Rh6 36. Qb7 Qf8 37. Be4 Re6 38. f4 Qe7 39. Qd5
Qe8 40. g4 Re7 41. Qd6 Ra7 42. Qxb6 Rxa3 43. Qxc5 1-0

[Event "Open Ricany 2oo9"]
[Site "?"]
[Date "2009.08.23"]
[Round "3.22"]
[White "Vavrinec ,Tomas"]
[Black "Halla ,Jiri"]
[Result "1-0"]
[WhiteElo "2067"]
[BlackElo "1894"]

1. c4 Nf6 2. Nc3 g6 3. e4 d6 4. d4 Bg7 5. Be2 O-O 6. f4 c5 7. d5 e6 8. Nf3 exd5
9. cxd5 Re8 10. Nd2 a6 11. a4 b6 12. O-O h5 13. h3 Ra7 14. Re1 Rae7 15. Bd3 Bb7
16. Nf3 Nbd7 17. Bc2 Qc7 18. e5 c4 19. Be3 Bh6 20. Qd2 Nh7 21. Ne4 Qb8 22. Nxd6
Nxe5 23. fxe5 Bxe3+ 24. Rxe3 Rd8 25. Nxb7 Rxb7 26. d6 Nf8 27. Nd4 Qc8 28. Be4
Ra7 29. Nc6 1-0

[Event "Open Ricany 2oo9"]
[Site "?"]
[Date "2009.08.23"]
[Round "3.41"]
[White "Lexa ,Vaclav"]
[Black "Svoboda ,Zdenek"]
[Result "1-0"]
[WhiteElo "1895"]
[BlackElo "1717"]

1. d4 Nf6 2. c4 g6 3. Nc3 d5 4. cxd5 Nxd5 5. e4 Nxc3 6. bxc3 Bg7 7. Bc4 O-O
8. Ne2 e5 9. Qb3 Nc6 10. d5 Na5 11. Qb4 Nxc4 12. Qxc4 Qd6 13. O-O Rd8 14. Qd3 c5
15. c4 f5 16. f3 f4 17. Bb2 a6 18. a4 g5 19. Qc3 b6 20. g3 Bh3 21. Rf2 Qg6
22. Kh1 fxg3 23. hxg3 Rf8 24. Rh2 g4 25. f4 Qxe4+ 26. Kg1 exf4 27. Qxg7# 1-0

[Event "Open Ricany 2oo9"]
[Site "?"]
[Date "2009.08.23"]
[Round "3.8"]
[White "Vojta ,Pavel"]
[Black "Koper ,Stefan"]
[Result "1-0"]
[WhiteElo "2173"]
[BlackElo "2024"]

1. d4 d5 2. Nf3 Nf6 3. c4 e6 4. Nc3 c6 5. Bg5 Nbd7 6. e3 Qa5 7. Nd2 dxc4
8. Bxf6 Nxf6 9. Nxc4 Qc7 10. Be2 b5 11. Nd2 Bb7 12. Rc1 a6 13. Bf3 Rd8 14. Qe2
Bd6 15. h3 O-O 16. O-O Rfe8 17. Nce4 Nd5 18. Nxd6 Qxd6 19. Ne4 Qe7 20. Nc5 Bc8
21. Nb3 Rd6 22. Na5 Bb7 23. e4 Nb6 24. e5 Rd5 25. Nxc6 Qd7 26. Na5 Ba8 27. Nb3
Qe7 28. Bxd5 Bxd5 29. Qg4 g6 30. Nc5 h5 31. Qf4 Kg7 32. Ne4 Bxa2 33. Nf6 Rh8
34. Rc6 Nd5 35. Nxd5 Bxd5 36. Rxa6 h4 37. Rfa1 Rh5 38. Ra7 Bb7 39. Qf6+ 1-0

[Event "Open Ricany 2oo9"]
[Site "?"]
[Date "2009.08.23"]
[Round "3.37"]
[White "Maly ,Filip"]
[Black "Eisner ,Oldrich"]
[Result "1-0"]
[WhiteElo "1986"]
[BlackElo "1828"]

1. Nf3 Nf6 2. g3 g6 3. Bg2 Bg7 4. O-O O-O 5. d3 d6 6. Nbd2 c5 7. c3 Nc6 8. Qc2
Rb8 9. a4 a6 10. Ne1 e5 11. e4 Nh5 12. Nc4 b5 13. axb5 axb5 14. Ne3 Ne7 15. Nf3
Bb7 16. Ng4 Bc8 17. h3 Nf6 18. Nh6+ Kh8 19. Bg5 Be6 20. Ra7 Ra8 21. Rfa1 {dale
necitelne} 1-0

[Event "Open Ricany 2oo9"]
[Site "?"]
[Date "2009.08.24"]
[Round "4.27"]
[White "Fiala ,Jan"]
[Black "Fikr ,Lukas"]
[Result "1-0"]
[WhiteElo "1772"]
[BlackElo "1996"]

1. d4 Nf6 2. c4 g6 3. Nc3 Bg7 4. e4 d6 5. f4 O-O 6. Nf3 Nfd7 7. Be2 e5 8. Be3
Nc6 9. O-O exf4 10. Bxf4 f5 11. exf5 Rxf5 12. Qd2 Nb6 13. d5 Ne5 14. Nxe5 Bxe5
15. Bxe5 Rxe5 16. Bd3 Qh4 17. Rf4 Qe7 18. Raf1 Bf5 19. Bxf5 Rxf5 20. b3 Rxf4
21. Qxf4 Nd7 22. Qe4 Ne5 23. Qf4 Re8 24. Ne4 Rf8 25. Qxf8+ Qxf8 26. Rxf8+ Kxf8
27. Ng5 Nd3 28. Ne6+ Ke7 29. Nxc7 a6 30. a3 Nc5 31. b4 Kd7 32. bxc5 Kxc7
33. cxd6+ Kxd6 34. a4 b5 35. axb5 axb5 36. cxb5 Kxd5 37. Kf2 Kc5 38. Ke3 Kxb5
39. Kf4 Kc5 40. Kg5 Kd5 41. Kh6 Ke4 42. Kxh7 Kf5 43. Kh6 g5 44. g3 1-0

[Event "Open Ricany 2oo9"]
[Site "?"]
[Date "2009.08.24"]
[Round "4.4"]
[White "Umanec ,Filip"]
[Black "Vojta ,Pavel"]
[Result "1-0"]
[WhiteElo "2175"]
[BlackElo "2173"]

1. e4 e6 2. d4 d5 3. Nc3 Nf6 4. e5 Nfd7 5. f4 c5 6. Nf3 Nc6 7. Be3 cxd4 8. Nxd4
Nxd4 9. Bxd4 Be7 10. Qg4 O-O 11. O-O-O Bc5 12. h4 Bxd4 13. Rxd4 f5 14. Qf3 Qb6
15. Rd2 Nc5 16. g4 Ne4 17. Rg2 Nxc3 18. Qxc3 Rf7 19. Rhg1 Qc7 20. Qd2 b6
21. gxf5 Rxf5 22. Bd3 Rf7 23. Qe2 Kf8 24. Bxh7 Qc4 25. Qg4 Bd7 26. h5 Be8 27. h6
gxh6 28. Qxe6 Qxf4+ 29. Rd2 1-0

[Event "Open Ricany 2oo9"]
[Site "?"]
[Date "2009.08.24"]
[Round "4.23"]
[White "Havelka ,Petr"]
[Black "Pavlicek ,Petr"]
[Result "0-1"]
[WhiteElo "1936"]
[BlackElo "2036"]

1. d4 Nf6 2. c4 g6 3. Nc3 d5 4. e3 Bg7 5. Nf3 O-O 6. Be2 c5 7. O-O cxd4 8. exd4
Nc6 9. c5 Bf5 10. h3 Ne4 11. Be3 Qd7 12. Kh2 Rfd8 13. Nh4 Nxc5 14. Nxf5 gxf5
15. dxc5 d4 16. Qc2 dxc3 17. bxc3 Qc7+ 18. g3 e6 19. Rab1 Rd7 20. Rfd1 Rad8
21. Rxd7 Rxd7 22. Qb3 Qe5 23. Bb5 Qe4 24. Bxc6 Qxc6 25. a4 h5 26. h4 Kh7 27. Bd4
e5 28. Be3 Qc7 29. Qc2 e4 30. Qb3 Be5 31. Bd4 f4 32. Bxe5 Qxe5 33. Qc2 fxg3+
34. fxg3 Rd3 35. Qf2 Qd5 36. Rb2 e3 37. Qf4 Rd2+ 38. Rxd2 exd2 0-1

[Event "Open Ricany 2oo9"]
[Site "?"]
[Date "2009.08.24"]
[Round "4.42"]
[White "Macku ,Emil"]
[Black "Ruzicka st., Vaclav "]
[Result "1-0"]
[WhiteElo "2020"]
[BlackElo "1706"]

1. c4 e5 2. Nc3 f5 3. g3 Nf6 4. Bg2 c6 5. Nf3 d6 6. O-O Be7 7. d4 e4 8. Ne1 O-O
9. d5 Nbd7 10. f3 exf3 11. Nxf3 Ng4 12. Nd4 Nde5 13. dxc6 bxc6 14. h3 Nf6
15. Kh1 Nh5 16. Kh2 Bd7 17. e4 Nxg3 18. Kxg3 f4+ 19. Rxf4 Rxf4 20. Bxf4 Bh4+
21. Kh2 Qf6 22. Nf5 Bxf5 23. exf5 Qxf5 24. Bxe5 Qxe5+ 25. Kh1 Re8 26. Bxc6 Re7
27. Qd5+ Kf8 28. Rf1+ Bf6 29. Qxe5 Rxe5 30. Ne4 Ke7 31. Nxf6 gxf6 32. Rf2 f5
33. Kg2 Kf6 34. Bd7 h6 35. b4 Kg5 36. a4 f4 37. h4+ Kxh4 38. Rxf4+ Kg5 39. Rd4
Re2+ 40. Kf3 Rb2 41. Rd5+ Kf6 42. Rb5 Ke7 43. Bc6 Kd8 44. Rb7 a6 45. b5 axb5
46. Bxb5 Kc8 47. Rh7 Ra2 48. Ke4 Rd2 49. Rxh6 Kc7 50. a5 Re2+ 51. Kd3 Ra2
52. Rh7+ Kb8 53. a6 1-0

[Event "Open Ricany 2oo9"]
[Site "?"]
[Date "2009.08.24"]
[Round "4.31"]
[White "Feierfeil ,Jiri"]
[Black "Maly ,Filip"]
[Result "0-1"]
[WhiteElo "1885"]
[BlackElo "1986"]

1. d4 Nf6 2. c4 g6 3. Nc3 Bg7 4. e4 d6 5. f3 O-O 6. Be3 Nc6 7. Qd2 Re8 8. Bd3
e5 9. d5 Nd4 10. Nce2 Nh5 11. Nxd4 exd4 12. Bg5 Qd7 13. g4 Nf6 14. O-O-O c6
15. Kb1 c5 16. h4 b5 17. h5 Ba6 18. hxg6 bxc4 19. gxf7+ Qxf7 20. Bxf6 Bxf6
21. e5 cxd3 22. exf6 Qxf6 23. Rh6 Qe5 24. Re6 Rxe6 25. dxe6 Qe3 26. Qa5 Bc4
27. Re1 d2 28. Rd1 Re8 29. Qxd2 Qxd2 30. Rxd2 Rxe6 31. Kc2 Re3 32. b3 Bd5
33. Rf2 a5 34. g5 a4 35. f4 axb3+ 36. axb3 Rxb3 37. f5 Rg3 38. Rf1 Be4+ 39. Kd2
Bxf5 40. Rxf5 Rxg1 41. Rd5 Kf7 42. Kd3 Re1 43. Rxd6 Re5 44. Rc6 Rxg5 45. Ke4 h5
46. Rd6 h4 47. Kf4 Rg6 48. Rd5 h3 49. Rxc5 h2 50. Rc1 Rg1 51. Rc7+ Kf6 52. Rc6+
Ke7 0-1

[Event "Open Ricany 2oo9"]
[Site "?"]
[Date "2009.08.24"]
[Round "4.33"]
[White "Rezac ,Jindrich"]
[Black "Hadrava ,Jaroslav"]
[Result "0-1"]
[WhiteElo "1818"]
[BlackElo "1963"]

1. d4 d5 2. c4 Nc6 3. Nf3 Bg4 4. e3 e5 5. dxe5 dxc4 6. Be2 Qxd1+ 7. Bxd1 Bb4+
8. Nc3 Bxc3+ 9. bxc3 O-O-O 10. O-O Bxf3 11. Bxf3 Nxe5 12. Be2 Nf6 13. f4 Nd3
14. Bf3 Rhe8 15. Rb1 c6 16. Rd1 Nd5 17. Bxd5 Rxd5 18. Bd2 f5 19. Kf1 Ra5 20. Ra1
Ra3 21. g3 Rd8 22. Ke2 Rd5 23. Rg1 g6 24. h3 Rda5 25. g4 Kd7 26. gxf5 Rxf5
27. Rg4 b5 28. e4 Rf7 29. Ke3 c5 30. Ke2 a5 31. Rb1 b4 32. cxb4 cxb4 33. Rg5
Nxf4+ 34. Bxf4 Rxf4 35. Rd1+ Ke6 0-1

[Event "Open Ricany 2oo9"]
[Site "?"]
[Date "2009.08.24"]
[Round "4.21"]
[White "Polak ,Benedikt"]
[Black "Skalicky ,Tomas"]
[Result "1/2-1/2"]
[WhiteElo "2075"]
[BlackElo "1607"]

1. d4 d5 2. c4 e6 3. Nc3 Nf6 4. Nf3 c6 5. e3 Nbd7 6. Ne5 Bd6 7. f4 Ne4 8. Nxe4
dxe4 9. Nxd7 Bxd7 10. c5 Be7 11. Qc2 f5 12. Bc4 b6 13. cxb6 axb6 14. Qb3 Kf7
15. O-O b5 16. Be2 Qb6 17. Bd2 c5 18. d5 exd5 19. g4 c4 20. Qd1 Bc5 21. Kh1 Be6
22. gxf5 Bxf5 23. Bc3 Rhd8 24. Bg4 Qe6 25. Bxf5 Qxf5 26. Rg1 g6 27. Rg5 Qd7
28. f5 d4 29. fxg6+ 1/2-1/2

[Event "Open Ricany 2oo9"]
[Site "?"]
[Date "2009.08.24"]
[Round "4.18"]
[White "Lacina ,Filip"]
[Black "Krasnay ,Peter"]
[Result "0-1"]
[WhiteElo "1995"]
[BlackElo "2088"]

1. e4 c5 2. Nf3 Nc6 3. d4 cxd4 4. Nxd4 Nf6 5. Nc3 e5 6. Ndb5 d6 7. Bg5 a6
8. Na3 b5 9. Bxf6 gxf6 10. Nd5 Bg7 11. c3 Ne7 12. Ne3 O-O 13. Bd3 f5 14. exf5 d5
15. Qh5 e4 16. Bc2 b4 17. O-O-O bxa3 18. f6 Bxf6 19. h4 Qb6 20. b3 Bxc3 21. Qg5+
Ng6 22. h5 Bf6 23. Qh6 Bg7 24. Qg5 h6 25. Nxd5 Qxf2 26. hxg6 Bb2+ 27. Kb1 hxg5
28. Ne7+ Kg7 29. Rh7+ Kf6 0-1

[Event "Open Ricany 2oo9"]
[Site "?"]
[Date "2009.08.24"]
[Round "4.6"]
[White "Hosticka ,Frantisek"]
[Black "Blumel ,Otto"]
[Result "1/2-1/2"]
[WhiteElo "2185"]
[BlackElo "2142"]

1. e4 c5 2. Nf3 Nf6 3. e5 Nd5 4. Nc3 e6 5. Ne4 f5 6. Nc3 Nc6 7. Nxd5 exd5
8. Bb5 Be7 9. O-O O-O 10. d4 cxd4 11. Re1 Qb6 12. Ba4 f4 13. c3 d6 14. e6 dxc3
15. bxc3 Qc5 16. Rb1 g6 17. Bb3 Rf5 18. Qd3 a6 19. Bd2 b5 20. Rbd1 Bb7 21. Nd4
Ne5 1/2-1/2

[Event "Open Ricany 2oo9"]
[Site "?"]
[Date "2009.08.24"]
[Round "4.24"]
[White "Sochorova ,Jana"]
[Black "Framberk ,Jan"]
[Result "1/2-1/2"]
[WhiteElo "1903"]
[BlackElo "2025"]

1. Nf3 d6 2. d4 Nf6 3. g3 g6 4. Bg2 Bg7 5. O-O O-O 6. c4 c6 7. Nc3 Bg4 8. e4
Nbd7 9. h3 Bxf3 10. Bxf3 e5 11. Be3 exd4 12. Bxd4 Ne5 13. Bxe5 dxe5 14. Qxd8
Raxd8 15. Rad1 Rd4 16. Rxd4 exd4 17. Ne2 Nd7 18. Rd1 c5 19. b3 Bh6 20. Nc1 Ne5
21. Kg2 Bxc1 22. Rxc1 a5 23. Rd1 b6 24. Be2 Rd8 25. f4 Nc6 26. Bf3 Kg7 27. e5
Ne7 28. Be4 Nf5 29. Bxf5 gxf5 30. Kf3 a4 31. g4 axb3 32. axb3 fxg4+ 33. hxg4 Ra8
34. f5 Ra2 35. Rd3 Rc2 36. Kf4 Rc1 37. Ke4 Re1+ 38. Kf4 h6 39. Rh3 Re2 40. Rd3
Re1 1/2-1/2